Каталитические и кинетические волны в полярографии

Dades bibliogràfiques
Autor principal: Майрановский С. Г. Сталь Григорьевич
Autor corporatiu: Академия наук СССР (АН СССР) Институт органической химии им. Н. Д. Зелинского (ИОХ)
Sumari:В книге рассматриваются электродные процессы, осложненные приэлектродными химическими реакциями и адсорбционными явлениями. В полярографии подобным процессам соответствуют кинетические и каталитические волны. Особое внимание уделено механизму и кинетике процессов, включающих реакцию протонизации. Такого рода электродные цроцессы характерны для электровосстановления органических веществ. Рассмотрено влияние строений двойного электрического слоя и адсорбции компонентов реакции на кинетику электродных процессов. Показано, как из полярографических данных могут быть вычислены константы скорости быстрых протолитических реакций. Книга представляет интерес для электрохимиков и специалистов, использующих полярографический метод как для аналитических целей, так и для исследования механизма и кинетики химических реакций в растворах, а также для изучения строения и реакционной способности органических соединений.
Idioma:rus
Publicat: Москва, Наука, 1966
Matèries:
Format: MixedMaterials Llibre
KOHA link:https://koha.lib.tpu.ru/cgi-bin/koha/opac-detail.pl?biblionumber=204564

MARC

LEADER 00000nam0a2200000 4500
001 204564
005 20231101225226.0
035 |a (RuTPU)RU\TPU\book\222990 
090 |a 204564 
100 |a 20111128d1966 k y0rusy50 ca 
101 0 |a rus 
102 |a RU 
105 |a a z 001zy 
200 1 |a Каталитические и кинетические волны в полярографии  |f С. Г. Майрановский  |g Академия наук СССР (АН СССР), Институт органической химии им. Н. Д. Зелинского (ИОХ) 
210 |a Москва  |c Наука  |d 1966 
215 |a 288 с.  |c ил. 
320 |a Библиогр.: с. 262-284 
330 |a В книге рассматриваются электродные процессы, осложненные приэлектродными химическими реакциями и адсорбционными явлениями. В полярографии подобным процессам соответствуют кинетические и каталитические волны. Особое внимание уделено механизму и кинетике процессов, включающих реакцию протонизации. Такого рода электродные цроцессы характерны для электровосстановления органических веществ. Рассмотрено влияние строений двойного электрического слоя и адсорбции компонентов реакции на кинетику электродных процессов. Показано, как из полярографических данных могут быть вычислены константы скорости быстрых протолитических реакций. Книга представляет интерес для электрохимиков и специалистов, использующих полярографический метод как для аналитических целей, так и для исследования механизма и кинетики химических реакций в растворах, а также для изучения строения и реакционной способности органических соединений. 
606 1 |a Полярографический анализ  |2 stltpush  |3 (RuTPU)RU\TPU\subj\50820  |9 69454 
610 1 |a полярография 
610 1 |a каталитические волны 
610 1 |a кинетические волны 
610 1 |a токи 
610 1 |a понятия 
610 1 |a адсорбция 
610 1 |a электродные процессы 
610 1 |a водород 
610 1 |a выделение 
610 1 |a библиотека А. Г. Стромберга 
675 |a 543.552  |v 4 
700 1 |a Майрановский  |b С. Г.  |g Сталь Григорьевич 
712 0 2 |a Академия наук СССР (АН СССР)  |b Институт органической химии им. Н. Д. Зелинского (ИОХ)  |c (Москва)  |2 stltpush  |3 (RuTPU)RU\TPU\col\11574 
801 1 |a RU  |b 63413507  |c 20111128 
801 2 |a RU  |b 63413507  |c 20180424  |g RCR 
942 |c BK